00422nam a2200145Ia 450000500170000000800410001702000140005808200130007210000240008524500490010925000080015826000380016630000130020450000590021720250626025444.0240331s9999 xx 000 0 und d a955530009 a100bKAL aKalansooriya, A.D.P 0aBertrand Russel saha samakalina darshanikaya a2nd aWarakapolabArya Publishersc1987 a224 p ., aA book of Bertrand Russell and Contemporary Philosophy